| 000 | 00748nas a2200241 4500 | ||
|---|---|---|---|
| 001 | BR0806905 | ||
| 003 | BR-BrBNA | ||
| 005 | 20231205112503.0 | ||
| 007 | ta | ||
| 008 | 230509b bl.|||p| |||| 00| 00por d | ||
| 040 |
_aBR-BrBNA _bpor _cBiblioteca Nacional de Agricultura |
||
| 041 | _a(Pt) | ||
| 072 | _aH10 | ||
| 100 | 1 | _aViviani, V.R. | |
| 245 | 1 | _aLuciferases de vagalumes; estrutura, função e aplicação em bioanálise e bioimageamento | |
| 650 | _aINSETO | ||
| 650 | _aCOLEOPTERO | ||
| 650 | _aENGENHARIA GENÉTICA | ||
| 650 | _aLUZ | ||
| 773 | 0 |
_tBiotecnologia, Ciência e Desenvolvimento (Brazil) _xISSN 1414-6347 _g(2007-2008), v. 10(37) p. 8-19 _wBR0806905 |
|
| 909 |
_a202311 _bLúcia _c55 _dLúcia Elande |
||
| 942 |
_2AGRIS _n0 _cANA |
||
| 999 |
_c198321 _d198321 |
||